Critique of pure reason. (Record no. 572493)

MARC details
000 -LEADER
fixed length control field 00596nam a2200205Ia 4500
003 - CONTROL NUMBER IDENTIFIER
control field OSt
005 - DATE AND TIME OF LATEST TRANSACTION
control field 20250930145714.0
008 - FIXED-LENGTH DATA ELEMENTS--GENERAL INFORMATION
fixed length control field 220923b |||||||| |||| 00| 0 eng d
037 ## - SOURCE OF ACQUISITION
Terms of availability Reference.
040 ## - CATALOGING SOURCE
Original cataloging agency RTL
Transcribing agency RTL
Language of cataloging eng
041 ## - LANGUAGE CODE
Source of code eng
Language code of text/sound track or separate title eng
084 ## - COLON CLASSIFICATION NUMBER
Classification number R3xL24:g, F9/SC
Assigning agency RTL
100 ## - MAIN ENTRY--PERSONAL NAME
Personal name KANT, Immanuel.
9 (RLIN) 10597
245 #0 - TITLE STATEMENT
Title Critique of pure reason.
260 ## - PUBLICATION, DISTRIBUTION, ETC.
Place of publication, distribution, etc. London
Name of publisher, distributor, etc. MacMillan & Co.
Date of publication, distribution, etc. 1964
300 ## - PHYSICAL DESCRIPTION
Extent xiii,681p.
Dimensions cm.
700 ## - ADDED ENTRY--PERSONAL NAME
Personal name Smith, Norman kemp.
9 (RLIN) 78079
Relator term Translator.
942 ## - ADDED ENTRY ELEMENTS (KOHA)
Classification part R3xL24:g, F9/SC
Koha item type Reference
Source of classification or shelving scheme Colon Classification (CC)
Suppress in OPAC No
Holdings
Withdrawn status Lost status Source of classification or shelving scheme Damaged status Not for loan Home library Current library Date acquired Total Checkouts Full call number Barcode Date last seen Price effective from Koha item type
    Colon Classification (CC)     Ratan Tata Library Ratan Tata Library 2022-09-25   R3xL24:g F9/SC RT1414363G 2022-09-25 2022-09-25 Reference
Copyright @ Delhi University Library System